| 000 | 00387nam a22001217a 4500 | ||
|---|---|---|---|
| 082 | _a220 PRO | ||
| 100 |
_aNIMRAH, ZUBIA, YUMNA _972064 |
||
| 245 | _aPR-SOF-1281-REAL TIME DETECTION TRACKING AND CLASIFICATION OF HUMAN BEING ON IR NV THERMAL CAMERA | ||
| 260 |
_aISLAMABAD _bNUST COLLEGE OF EME _c2013 |
||
| 650 | _aDE-ELECT-31 | ||
| 700 |
_aSUPERVISOR KAMRAN AZIZ _972065 |
||
| 942 | _cCR | ||
| 999 |
_c578262 _d578262 |
||